<The> Implementation of processes management in conditions of self government SR

Pojem a podstata procesného riadenia. Implementácia procesného riadenia. Prcesné riadenie v podmienkach územnej samosprávy SR.

Gespeichert in:
Bibliographische Detailangaben
1. Verfasser: Čepelová, Anna
Format: Buchkapitel
Sprache:Slowakisch
Schlagworte:
Tags: Tag hinzufügen
Keine Tags, Fügen Sie das erste Tag hinzu!

MARC

LEADER 00000naa a2200000 4500
001 0211871
005 20220518124602.9
041 0 |a slo 
044 |a SK 
245 1 0 |a <The> Implementation of processes management in conditions of self government SR  |c Anna Čepelová 
520 |a Pojem a podstata procesného riadenia. Implementácia procesného riadenia. Prcesné riadenie v podmienkach územnej samosprávy SR. 
610 2 0 |a riadenie procesné 
610 2 0 |a samospráva miestna 
610 2 0 |a Slovensko 
610 2 0 |a procesy rozhodovacie 
100 1 |a Čepelová, Anna